00810 2200313 4500001002100000005001500021035002000036007000300056008004100059040001700100100001100117245005500128250001000183300002900193504002400222020002200246041000800268082001000276084001600286090001600302260003400318600001500352650001200367700002100379990002400400990002400424990002400448990002400472INLIS00000000000228720260603085318 a0010-0220000138ta260603 1  aSBPUPADbInd0 aRiza A1 aHikmah di Balik Musibah /cRiza A,Ilustrasi: Pandu acet.1 a49 hlm :bilus. ;c25 cm aBibliografi, hlm 50 a978-602-217-068-60 aind a371.1 a371.1 RIZ h a371.1 RIZ h aJakarta :bBumi Aksara,c2018 4aPendidikan 4adongeng0 aIlustrasi: Pandu a34.423/DAK/DPK/2019 a34.421/DAK/DPK/2019 a34.422/DAK/DPK/2019 a34.424/DAK/DPK/2019